| 000 | 00945nas a2200325 4500 | ||
|---|---|---|---|
| 001 | BR0700733 | ||
| 003 | BR-BrBNA | ||
| 005 | 20231205110543.0 | ||
| 007 | ta | ||
| 008 | 230509b bl.|||p| |||| 00| 00por d | ||
| 040 |
_aBR-BrBNA _bpor _cBiblioteca Nacional de Agricultura |
||
| 041 | _a(Pt) | ||
| 072 | _aH20; J11 | ||
| 100 | 1 | _aSantos, A.A. dos | |
| 100 | 1 | _aViana, F.M.P. | |
| 100 | 1 | _aCardoso, J.E. | |
| 100 | 1 | _aVidal, J.C. | |
| 245 | 1 | _aEfeito do oídio na produção e no teor de sólidos solúveis totais de frutos do meloeiro | |
| 650 | _aMELÃO | ||
| 650 | _aOÍDIO | ||
| 650 | _aFUNGO | ||
| 650 | _aEPIDEMIA | ||
| 650 | _aPERDA DA PRODUÇÃO | ||
| 650 | _aCONDIÇÃO AMBIENTAL | ||
| 650 | _aQUALIDADE | ||
| 650 | _aVALOR NUTRITIVO | ||
| 773 | 0 |
_tRevista Ciência Agronômica (Brazil) _xISSN 0045-6888 _g(2005), v. 36(3) p. 354-357 _wBR0700733 |
|
| 909 |
_a202311 _bLúcia _c55 _dLúcia Elande |
||
| 942 |
_2AGRIS _n0 _cANA |
||
| 999 |
_c187896 _d187896 |
||